000 01099nam0a22003011 4500
001 rc\3817186
005 20250530062120.0
021 _aRU
_bП802-75
035 _a(NLR Aleph) 007268167
090 _a5380491
_c5380491
100 _a20120410d1975 |||y0rusy50 ca
101 0 _arus
102 _aRU
_aRU
105 _ay z |||||
200 1 _aНейтронографическое исследование магнитной структуры PrFeO₃ и NdFeO₃ методом времени пролета
210 _aДубна
_cБ. и.
_d1975
215 _a10 с.
_cграф.
_d22
225 1 _aОбъединенный институт ядерных исследований. [Издания]
_vР14-8726
300 _aПеред загл. авт.: Л.П. Каун, Б. Липпольд, М.М. Лукина [и др.]
320 _aБиблиогр.: с. 10
701 1 _aЛиппольд
_bБ.
701 1 _aЛукина
_bМ.М.
701 1 _aКаун
_bЛ.П.
801 0 _aRU
_bNLR
_gpsbo
801 1 _aRU
_bELAR
_2rusmarc
852 _aNLR
_jП11/2061
942 _cBOOK
980 _aNB